| 000 | 02307cam a22003854i 4500 | ||
|---|---|---|---|
| 003 | PE-LiUPU | ||
| 005 | 20250731184101.0 | ||
| 008 | 190708s2006 ag a r 000 0 spa d | ||
| 020 | _a9972604551 | ||
| 020 | _a9789972604553 | ||
| 035 | _a(Sirsi) a252273 | ||
| 040 |
_aPE-LiUPU _bspa _cPE-LiUPU _erda |
||
| 049 | _aPRUA | ||
| 082 | 0 | 4 |
_a869.56 _bP19 _221 |
| 100 | 1 |
_aPalomino Castro, Willy A, _eautor. |
|
| 245 | 1 | 0 |
_aDe la primavera al invierno / _cWilly Arturo Palomino Castro. |
| 250 | _a1a edición. | ||
| 264 | 1 |
_aLima : _bUniversidad Peruana Unión, Fondo Editorial, _c2017. |
|
| 300 |
_a103 páginas ; _c21 centímetros |
||
| 336 |
_atext _2rdacontent |
||
| 337 |
_aunmediated _2rdamedia |
||
| 338 |
_avolume _2rdacarrier |
||
| 505 | 0 | _aDe la primavera al invierno -- tanto -- garúa -- no eres tú -- y te vi -- había tanto amor -- y eras abnegada -- tu decisión -- si tus ojos -- que no te amo dices -- tu mano -- alessia -- poesía -- los ojos de mi madre -- rosa -- descansando el corazón -- si lloras por mentiras -- nostalgias -- nuevo año -- año nuevo -- travesía -- si un día -- y tu mirada -- alma -- mirada -- los consejos -- contigo -- silencio y olvido -- la poesía -- quisiera que tu nombre -- furia -- nacimiento -- nos miramos -- ella -- hoy te soñé -- un día -- tus razones -- abrazos -- tus manos -- quizá pueda amarte -- de leyenda -- hoy eh contado los pasos -- ninfa -- y me preguntas niña -- recuerdo mi niña -- pentagrama -- la respiración -- hay un áurea armoniosa -- a katryn -- si me olvidara de ti -- y dime -- distancias -- corazón de madre -- hay una alegría que calma -- como extraño tu voz -- luna amiga -- a denka -- ojos canela -- un poema -- y llegaste -- y tienes esa mirada -- la carta. | |
| 526 | _aP145 | ||
| 526 | _aP127 | ||
| 526 | _aP97 | ||
| 526 | _aP14 | ||
| 526 | _aP07 | ||
| 650 | 0 | 4 |
_aPoesías peruanas _ySiglo XX. _9872 |
| 910 |
_adbm _bksl _cksl _d20190709 |
||
| 596 | _a1 | ||
| 942 |
_2ddc _cBOOK |
||
| 999 |
_a869.56 P19 _wLC _c31505 _i80273 _f2021-11-9 _g3 _lCCODEBUL1 _mBUL _p10.00 _r0 _sY _tBOOK _u2019-7-9 _xEDUCACION _PP20 _0DONACION _o.STAFF. Colección Ciencias Humanas y Educación _d31505 |
||
| 980 |
_81 _gALBERTO SANCHEZ Responsable de Automatización |
||